000 01097cam a2200157 4500500
005 20251228073307.0
041 _afre
042 _adc
100 1 0 _aPalazzeschi, Yves
_eauthor
245 0 0 _aHistoire de la formation, formation de l’histoire
260 _c2003.
500 _a31
520 _aYves Palazzeschi est maître de conférences en sciences de l’éducation à l’université Paris 1 Panthéon-Sorbonne, actuellement en fonction à l’Institut des Sciences sociales du travail. Il exerce depuis plus de 25 ans dans le domaine de la formation de formateurs. Ses activités de recherche portent sur l’histoire de la formation ; il a publié, en 1998, Introduction à me sociologie de la formation. Anthologie de textes français 1944-1994 (2 volumes) chez L’Harmattan, et récemment « Le passé composé de la formation. Un abécédaire historique » ( Cadres CFDT, n° 405-406, juillet 2003, 15-21).
786 0 _nSavoirs |  3 | 3 | 2003-09-20 | p. 7-51 | 1763-4229
856 4 1 _uhttps://shs.cairn.info/revue-savoirs-2003-3-page-7?lang=fr&redirect-ssocas=7080
999 _c1594965
_d1594965